000 00802nam a2200229 a 4500
001 43851
003 BD-RjUL
005 20211209053749.0
008 160628s1968 bg ||||| |||| 00| 0 ben d
020 _c: Tk.4.00
035 _a(BD-RjUL)43969
040 _aBD-RjUL
_bben
_cBD-RjUL
041 _aben
082 _223
_a398.2095492
_bJAM 1968
100 _aজলীল, আলমগীর
_9127236
245 1 0 _aমুসলিম মানস ও লোকসংস্কৃতি /
_cজলীল, আলমগীর
260 _aরাজশাহী :
_bকথাভবন,
_c১৯৬৮
300 _a১৩১ পৃ. ;
_c২১ সেমি.
650 _aলোক সাহিত্য
_xবাংলাদেশ
_9134752
650 _aFolk Literature
_xBangladesh
_9134764
942 _2ddc
_cBK
999 _c43851
_d43851